| 000 | 00845nam a22002657a 4500 | ||
|---|---|---|---|
| 999 |
_c7895 _d7895 |
||
| 003 | AR-CdUCM | ||
| 008 | 190321b ||||| |||| 00| 0 spa d | ||
| 040 |
_aMUNICIPALIDAD PROVINCIAL DEL CUSCO _cBIBLIOTECA MUNICIPAL DEL CUSCO |
||
| 041 | _hger | ||
| 082 |
_a551 / _bG77 |
||
| 100 |
_aGreifendorff, Max Eckert _922323 |
||
| 245 | _aCartografia / | ||
| 260 |
_aMexico : _bHispano Amricana, _c1961. |
||
| 300 |
_aVI, 162 paginas ; _bGraficos, tablas, mapas, ilustraciones, _c17 cm. |
||
| 440 |
_aColecciones Uteha _n22 _922324 |
||
| 500 | _aIdioma original aleman | ||
| 505 | _aContenido: mapas -- topografico -- murales -- Cartograficas | ||
| 650 |
_aCartografia _93722 |
||
| 650 |
_aMapas _916445 |
||
| 650 |
_aGeografia _9318 |
||
| 650 |
_aTopologia _922154 |
||
| 700 |
_aNovo Cerro, Jose _922325 |
||
| 942 |
_2ddc _cLIBROS |
||
| 945 | _apjha | ||